000 00349nam a2200133Ia 4500
003 GCL
008 140319s9999 xx 000 0 ara d
040 _aGCL /
_cGCL
082 0 4 _a189
_bع ع
245 1 0 _aالعقل والحضارة
260 _a[S.N] :
_bدار التنوير للطباعة والنشر ،
_c1987
300 _a135 ص
490 _a
999 _c35389
_d35389